| 000 | 00824nam a2200253 a 4500 | ||
|---|---|---|---|
| 005 | 20210223124640.0 | ||
| 008 | 020717s1997 mx r 000 0 spa d | ||
| 020 | _a8445804103 | ||
| 035 | _aUPN01000118143 | ||
| 049 | _aCG | ||
| 050 | 4 |
_aRC1210 _bB7.58 1997 |
|
| 100 | 1 | _aBrunet-Guedj, Elisabeth | |
| 245 | 1 | 0 |
_aMedicina del deporte : _bmanual / _cElisabeth Brunet-Guedj, Bernard Moyen, y Jean Genéty ; tr. Carme Pigem i Jutglas. |
| 250 | _a3a ed. | ||
| 260 |
_aBarcelona (Esp.) : _bMasson, _c1997. |
||
| 300 | _axxvii, 451 p. | ||
| 440 | 0 | _aManuales de medicina | |
| 590 | _a(También localizas un ejemplar en el "Area de Reserva") | ||
| 590 | _aBibliografía Básica (BGTQ) | ||
| 650 | 4 |
_aMEDICINA DEPORTIVA _915328 |
|
| 700 | 1 |
_aMayen, Bernard, _ecoaut. |
|
| 700 | 1 |
_aGenéty, Jean, _ecoaut. |
|
| 905 | _aLibro | ||
| 999 |
_c90524 _d90524 |
||